Histoire du drapeau des Comores - Statistiques

Statistiques générales
  • Ce quiz a été pris 147 fois
    24 depuis la dernière actualisation
  • Le résultat moyen est 2 sur 7
Statistiques - réponses
Hint Réponse % Correct
Comores (drapeau actuel depuis 2001)
86%
Colonie française de Mayotte et dépendances (1886-1912), colonie française de Madagascar et dépendances (1912-1946) et territoire français des Comores (1946-1963)
43%
Deuxième drapeau de la république fédérale islamique des Comores (1992-1996)
33%
Troisième drapeau de la république fédérale islamique des Comores (1996-2001)
33%
Territoire autonome des Comores (1963-1975)
14%
État Comorien (1975-1978)
14%
Premier drapeau de la république fédérale islamique des Comores (1978-1992)
10%
Aucun quiz correspondant
Distribution des résultats
% des personnes avec chaque résultat
Percentile par nombre de réponses
Votre historique - résultats
Vous n’avez pas pris ce quiz depuis la dernière actualisation